10 größte Städte Finnland - Statistiken

Allgemein
  • Dieses Quiz wurde 16 mal gespielt
  • Das Durchschnittsergebnis liegt bei 7 aus 10
Antwortstatistiken
Einwohner Antwort % Korrekt
684.000 Helsinki
100%
206.000 Turku
100%
216.000 Oulu
93%
260.000 Tampere
93%
321.000 Espoo
67%
251.000 Vantaa
53%
121.000 Lahti
47%
149.000 Jyväskylä
40%
126.000 Kuopio
33%
83.000 Pori
33%
Keine übereinstimmenden Quizze gefunden
Verteilung der Resultate
Anzahl Personen mit jedem Resultat
Perzentil nach korrekt beantworteten Fragen
Ihre Resultats-Entwicklung
Sie haben dieses Quiz noch nicht gespielt